អក្សរសាស្រ្តខ្មែរ (Record no. 8514)

000 -LEADER
fixed length control field 00289nam a22001217a 4500
040 ## - CATALOGING SOURCE
Transcribing agency sy
082 ## - DEWEY DECIMAL CLASSIFICATION NUMBER
Classification number 895
100 ## - MAIN ENTRY--AUTHOR NAME
Personal name ណៃ សុវឿន
245 ## - TITLE STATEMENT
Title អក្សរសាស្រ្តខ្មែរ
260 ## - PUBLICATION, DISTRIBUTION, ETC. (IMPRINT)
Place of publication RUA
Name of publisher ណៃ សុវឿន
Year of publication 2008
300 ## - PHYSICAL DESCRIPTION
Number of Pages 60p;
942 ## - ADDED ENTRY ELEMENTS (KOHA)
Koha item type សៀវភៅភាសាខ្មែរ
952 ## - LOCATION AND ITEM INFORMATION (KOHA)
Withdrawn status [LOCAL, KOHA] 0
952 ## - LOCATION AND ITEM INFORMATION (KOHA)
Withdrawn status [LOCAL, KOHA] 0
952 ## - LOCATION AND ITEM INFORMATION (KOHA)
Withdrawn status [LOCAL, KOHA] 0
Holdings
Permanent Location Date acquired Koha item type Lost status Shelving location Barcode Current Location Full call number
Library Block C2016-08-03សៀវភៅភាសាខ្មែរ C306RUA042794Library Block C895 ហ៊ីវ 2008 C306
Library Block C2016-08-03សៀវភៅភាសាខ្មែរ C306RUA057667Library Block C895 ណៃ 2008 C306
Library Block C2016-08-03សៀវភៅភាសាខ្មែរ C306RUA042679Library Block C895 ហ៊ីវ 2008 C306
មជ្ឈមណ្ឌលឯការនៃសាកលវិទ្យាល័យភូមិន្ទកសិកម្មចំការដូង

Powered by Koha